Presidents by Campaign Song Lyrics - Statistics

General Stats
  • This quiz has been taken 8 times
  • The average score is 15 of 34
Answer Stats
Hint Answer % Correct
Come all ye Democrats, hear the people say, {Buchanan} and {John Breckenridge} will surely win the day! James Buchanan
63%
Hark the people rising say, he's the man to cope with Clay, Ha-Ha such a nominee, {James K. Polk} of Tennessee! James K Polk
63%
Oh I'm just wild about {Harry} and he's just wild about me! Harry Truman
63%
Rockabye, Baby, never you cry. You need not fear, old Tip and his Ty. What the would ruin, {Van} {Buren} will fix. {Van}'s a magician, they are but tricks Martin Van Buren
63%
We'll go for the boy from Kentucky, the hero of Hoosierdom true, we'' go for the great reformation, for {Lincoln} and liberty, too! Abraham Lincoln
63%
You like {Ike}, I like {Ike}, everybody likes {Ike} for president bring out the banner, beat the drum, we'll take {Ike} to Washington Dwight D. Eisenhower
63%
But {Jackson} he was wide awake and he wasn't scared of trifles. For well he knew what aim we'd take with our Kentucky rifles! Oh Kentucky, the hunters of Kentucky! Andrew Jackson
50%
Fires coming, swords coming, pistols, guns, and kinves are coming, famines coming, famine's coming, if {John} {Quincy} not be coming John Quincy Adams
50%
Hello, {Lyndon}, well, hello, {Lyndon}, we'd be proud to have you back where you belong Lyndon B. Johnson
50%
Just keep cool and keep {Coolidge} is the slogan of the day, keep cool and keep {Coolidge} for the good old U.S.A.! Calvin Coolidge
50%
Rejoice Columbia's sons, rejoice, to tyrants never bend the knee, but join with heart with soul and voice for {Jefferson} and liberty! Thomas Jefferson
50%
We'll cast our vote for the boys in blue and {Hayes} and {Wheeler}, too! Rutherford Hayes
50%
We need {Jimmy} {Carter}, we can't afford to settle for less, America, once and for all, why not the best Jimmy Carter
50%
Among the best pilots, say who leads the band? {Monroe}, yes {Monroe} he indeed is the man! James Monroe
38%
Come on and row row row with {Roosevelt} on the good ship U.S.A.! Sail with {Franklin} {D}., to victory, and to real prosperity! Franklin D. Roosevelt
38%
Get on a raft with {Taft} boys, get in the winning boat, the man worthwhile with the friendly smile will get the honest vote! William Howard Taft
38%
Have you heard the great comotion, motion, motion all the country through? It is the ball a rollin' on for {Tippecanoe} and {Tyler}, too! William Henry Harrison
38%
He is once more at our head, as he was when late he lead, for to {Grant} a traitor ever is a foe! Ulysess S. Grant
38%
Hi locos, ho locos, listen while I sing, a song for you both good and true, about our {Pierce} and {King} Frankin Pierce
38%
Hurrah, Hurrah, {McKinley} is the man! Hurrah, Hurrah, gold will lead the plan William McKinley
38%
Huzzah for {Madison}, Huzzah, for Union and America James Madison
38%
If he's good enough for Lindy, he's good enough for me, {Herbert} {Hoover} is the only man can keep our country free Herbert Hoover
38%
Let Fame to the world sound America’s voice, No intrigues can her sons from their government sever. For her pride is {John} {Adams}, Her laws are his choice John Adams
38%
Oh! what's the matter with {Harrison}? He's all right! Benjamin Harrison
38%
Reaching out, across the land, to listen to us, to understand, to help us shape, our destiny, more than ever {Nixon} now for you and me! Richard Nixon
38%
Rumadum Dum, vote for {Taylor}, Rumadum Dum, son of freedom, he's the boy can skin and beat 'em Zachary Taylor
38%
So it's {Harding}, lead the G.O.P! {Harding}, on to victory! We're here to make a fuss {Warren} {Harding} you're the man for us! Warren Harding
38%
The day is broke my lads march on and follow, follow, {Washington} George Washington
38%
Then cheer for {Garfield} three times three (Hurrah! Hurrah!) For {Arthur} and for victory (Hurrah! Hurrah!) We'll put them in, there is no doubt, we'll keep the grey-backed Johnnies out, and there'll be no day when the Johnnies get into power James A. Garfield
38%
Well it's up to you, it's up to you, it's strictly up to you, oh but it's {Kennedy}, {Kennedy}, {Kennedy}, {Kennedy} for me! John F. Kennedy
38%
We're gonna elect {Bush}, and {Cheney}! Live on the bright side in morning sunshine, our pledge is to leave no child behind George W. Bush
38%
When a fella meets a fella, and he says to him what's yours, he says I think, I'll have to drink, to the Democratic cause! It's {Wilson}, that's all, {Wilson}, that's all, who strikes the public sentiment say who can be our president Woodrow Wilson
38%
Come and proudly take your stand, now uphold your chiefton's hand, {Roosevelt} the cry! Theodore Roosevelt
25%
No treason stains fair {Cleveland}'s shirt, no rings have soiled his robes with dirt, they'll wave no more the bloody shirt, democrats, good democrats Grover Cleveland
25%
No matching quizzes found
Score Distribution
Percent of People with Each Score
Percentile by Number Answered
Your Score History
You have not taken this quiz